| 000 | 00724nam a2200253Ia 4500 | ||
|---|---|---|---|
| 003 | OSt | ||
| 005 | 20221007074125.0 | ||
| 006 | a|||||r|||| 00| 0 | ||
| 007 | ta | ||
| 008 | 221006b |||||||| |||| 00| 0 eng d | ||
| 024 | _a1,374 | ||
| 037 | _cReference Collections | ||
| 040 |
_aFLL _cFLL _beng |
||
| 041 |
_2eng _aeng |
||
| 082 | _aX72:Z2, K5;L4 | ||
| 100 |
_aGopal T. A. Raj _9692536 |
||
| 245 | 0 | _aIndian tax laws | |
| 260 |
_aMadras _bCompany Law Institute of India (P.) Ltd. India _c1974 |
||
| 300 |
_a591p _ccm. |
||
| 650 | _aIncome tax | ||
| 700 |
_a Ananthan T. R. _9692537 |
||
| 942 |
_hX72:Z2, K5;L4 _cREF _2CC |
||
| 999 |
_c1151242 _d1151242 |
||